=LDR 00000nam 2200000 4500 =001 NUTBA000000000005782 =005 20141110142340.0 =006 =007 =008 =020 ##$$a 978.979.665.856-5 =035 ##$$a 0010-111400000000261 =040 ##$$a NBPDMAT =082 ##$$a 610.73 =090 ##$$a 610.73 Irf e =100 ##$$a Irfan Ariffudin =245 ##$$a Ensiklopedia mini asal mula profesi perawat$cIrfan Ariffudin; penyunting Kuncoro =260 ##$$a Bangsung$Angkasa$c2013 =300 ##$$a iii, 65 hlm$bilus$c24 cm =650 ##$$a Perawat =850 ##$$a NBPDMAT